000 00660nam a2200181Ia 4500
008 151018s9999 xx 000 0 und d
082 _bRBASDV44627
_a340
100 _aअभया शेलकर
245 _aतुकडे बंदी तुकडे जोड कायदा
250 _b1
260 _bनाशिक लॉ हाऊस
_c2007
300 _a56
600 _aअभया शेलकर
630 _aतुकडे बंदी तुकडे जोड कायदा
700 _aअभया शेलकर
730 _aतुकडे बंदी तुकडे जोड कायदा
942 _cBOOK
999 _c1043824
_d1043821